000
00410nam a22001697a 4500
003
MPLRDC
005
20220104113718.0
008
210129b ||||| |||| 00| 0 eng d
082
_a
857.621 NK-30
100
_a
倪匡
245
_a
倪匡科幻小说选
_c
250
_a
初版
260
_a
_b
知识系统出版有限公司
_c
1985
300
_b
平
650
_a
科幻小说
942
_c
BK
_o
857.621 NK-30
999
_c
1757
_d
1747